| 000 | 00521cam a2200217ua 4500 | ||
|---|---|---|---|
| 001 | 8875 | ||
| 005 | 20260515114408.0 | ||
| 008 | 150216n ii |||gr||||Z||||||eng | ||
| 020 | _a9789380926087 | ||
| 040 | _cMAIN | ||
| 041 | _aeng | ||
| 082 | _a826 | ||
| 100 |
_aVerma, J. P., _eAuthor. |
||
| 245 | 1 |
_aDraft with ease official letters _cBy J. P. Verma |
|
| 250 | _a1st. | ||
| 260 |
_aUttarakhand: _bSatyam, _c2012. |
||
| 300 | _a150p. | ||
| 653 | _aEnglish letters | ||
| 700 |
_aDas, R. C., _eAuthor. |
||
| 942 | _cBK | ||
| 999 |
_c7962 _d7962 |
||